Sustainable aquaculture / (Record no. 26297)

MARC details
000 -LEADER
fixed length control field 00889nam a22002417a 4500
005 - DATE AND TIME OF LATEST TRANSACTION
control field 20090513115338.0
008 - FIXED-LENGTH DATA ELEMENTS--GENERAL INFORMATION
fixed length control field 090508t xxu||||| |||| 00| 0 eng d
010 ## - LCCN (DPL NO)
LC control number ENG-93505
020 ## - INTERNATIONAL STANDARD BOOK NUMBER
International Standard Book Number 8176483303
Terms of availability 595.00
035 ## - SYSTEM CONTROL NUMBER
System control number EN-77038
037 ## - SOURCE OF ACQUISITION
Source of stock number/acquisition DBAD / PUB
040 ## - CATALOGING SOURCE
Original cataloging agency dpl
Language of cataloging English
082 ## - DEWEY DECIMAL CLASSIFICATION NUMBER
Classification number 639.8
245 ## - TITLE STATEMENT
Title Sustainable aquaculture /
Statement of responsibility, etc edited by Dinabandhu Sahoo [and] S.Z. Qasim
260 ## - PUBLICATION, DISTRIBUTION, ETC. (IMPRINT)
Place of publication, distribution, etc New Delhi
Name of publisher, distributor, etc APH Publishing
Date of publication, distribution, etc 2009
270 ## - ADDRESS
Address 4435-36/7, Ansari Road, Darya Ganj,
City New Delhi
Postal code 110002
300 ## - PHYSICAL DESCRIPTION
Extent xxix, 230p.
Dimensions 22cm(Hb)
650 ## - SUBJECT ADDED ENTRY--TOPICAL TERM
Topical term or geographic name as entry element Sustainable aquaculture
700 ## - ADDED ENTRY--PERSONAL NAME
Personal name Sahoo, Dinabandhu
700 ## - ADDED ENTRY--PERSONAL NAME
Personal name Qasim, S.Z.
942 ## - ADDED ENTRY ELEMENTS (KOHA)
Source of classification or shelving scheme Dewey Decimal Classification
Item type English Books
Call number suffix SUS
Classification part 639.8
Holdings
Withdrawn status Lost status Source of classification or shelving scheme Damaged status Not for loan Collection code Home library Current library Date acquired Source of acquisition Cost, normal purchase price Total Checkouts Full call number Barcode Date last seen Copy number Cost, replacement price Koha item type
    Dewey Decimal Classification   Not For Loan Non-fiction D.B.Act.Division D.B.Act.Division 13/05/2009 DBAD / PUB 595.00   639.8 SUS EN-77038 13/05/2009 1 595.00 English Books

© Delhi Public Library
Hit Counter
free hit counter